Welcome to the Holygrace Academy Library

Please use search bar below to get started

101 GUNAPADA KADHAKAL (Record no. 1100)

MARC details
000 -LEADER
fixed length control field 00313nam a22001337a 4500
082 ## - DEWEY DECIMAL CLASSIFICATION NUMBER
Classification number 894.812.3
Item number PAU/O
100 ## - MAIN ENTRY--AUTHOR NAME
Personal name VARGHEESE PAUL
245 ## - TITLE STATEMENT
Title 101 GUNAPADA KADHAKAL
250 ## - EDITION STATEMENT
Edition statement SEVENTH
260 ## - PUBLICATION, DISTRIBUTION, ETC. (IMPRINT)
Place of publication WEST CHALAKUDY
Name of publisher AKSHAYA PUBLICATIONS
Year of publication 2010
300 ## - PHYSICAL DESCRIPTION
Number of Pages 96
650 ## - SUBJECT ADDED ENTRY--TOPICAL TERM
Topical Term SHORT STORY
Geographic subdivision KERALA
942 ## - ADDED ENTRY ELEMENTS (KOHA)
Koha item type Books
Holdings
Withdrawn status Lost status Collection code Home library Current library Shelving location Date acquired Source of acquisition Cost, normal purchase price Full call number Accession Number Koha item type
    Fiction Main Library Main Library SHELF-6C MALAYALAM SHORT STORIES 01/03/2016 PURCHASE 10.00 894.812.3 PAU/O 03987 Books